Mar mediterráneo / (Record no. 197873)

MARC details
000 -CABECERA
campo de control de longitud fija 00578nam a2200217 u 4500
005 - FECHA Y HORA DE LA ÚLTIMA TRANSACCIÓN
campo de control 20230602063813.0
008 - ELEMENTOS DE LONGITUD FIJA--INFORMACIÓN GENERAL
campo de control de longitud fija 180627s2014 r 000 0 eng d
020 ## - NÚMERO INTERNACIONAL NORMALIZADO PARA LIBROS
Número Internacional Estándar del Libro 9786073120906
035 ## - NÚMERO DE CONTROL DEL SISTEMA
Número de control de sistema UPN01000225777
049 ## - COLECCIÓN
Colección CG
050 #4 - SIGNATURA TOPOGRÁFICA DE LA BIBLIOTECA DEL CONGRESO
Número de clasificación PQ7298.17 L3.6
Número de documento/Ítem M3.7
100 1# - ASIENTO PRINCIPAL--NOMBRE PERSONAL
Nombre de persona Glantz, Susana,
Fechas asociadas al nombre 1934-
9 (RLIN) 41806
245 10 - MENCIÓN DE TÍTULO
Título Mar mediterráneo /
Mención de responsabilidad, etc. Susana Glantz.
260 ## - PUBLICACIÓN, DISTRIBUCIÓN, ETC.
Lugar de publicación, distribución, etc. México :
Nombre del editor, distribuidor, etc. Lumen,
Fecha de publicación, distribución, etc. 2014.
300 ## - DESCRIPCIÓN FÍSICA
Extensión 118 p.
440 #0 - MENCIÓN DE SERIE/ASIENTO SECUNDARIO--TÍTULO
Título Narrativa
650 #4 - ASIENTO SECUNDARIO DE MATERIA - TERMINO TEMATICO
Término de materia o nombre geográfico como elemento de entrada Novela mexicana
9 (RLIN) 4557
650 #0 - ASIENTO SECUNDARIO DE MATERIA - TERMINO TEMATICO
Término de materia o nombre geográfico como elemento de entrada Amistad en la literatura
9 (RLIN) 10763
905 ## - TIPO DE MATERIAL
Tipo de material Libro
Holdings
Estado de retiro Estado de pérdida Fuente del sistema de clasificación o colocación Estado dañado No para préstamo Código de colección Localización permanente Ubicación/localización actual Ubicación en estantería Total de préstamos Clasificación Código de barras Fecha visto por última vez Número de copia Tipo de ítem Koha
    Library of Congress Classification     Colección General Bib. Gregorio Torres Quintero Bib. Gregorio Torres Quintero Planta baja   PQ7298.17 L3.6 M3.7 325948 31/12/2020 1 Libro